000 00696nam a2200181Ia 4500
008 100920s9999 xx 000 0 und d
082 _b87768
_a320 थ 40
100 _aदेवगिरीकर त्र्यं. र.
245 _aवसाहतीचें स्वराज्य.
260 _bराष्ट्रीय विचार प्रसारक मंडळ, पुणें.
_c1940
300 _a196
_bसाधी
365 _b1.25
520 _aराजकारण.
630 _aवसाहतीचें स्वराज्य.
650 _aराजकारण.
730 _aवसाहतीचें स्वराज्य.
942 _cBOOK
999 _c728277
_d728274